UBT Library

ESSENTIALS OF HUMAN ANATOMY & PHYSIOLOGY (Record no. 58754)

000 -LEADER
fixed length control field 00352nam a22001457a 4500
008 - FIXED-LENGTH DATA ELEMENTS--GENERAL INFORMATION
fixed length control field 221107b ||||| |||| 00| 0 eng d
020 ## - INTERNATIONAL STANDARD BOOK NUMBER
International Standard Book Number 9780134395326
041 ## - LANGUAGE CODE
Language code of text/sound track or separate title eng
080 ## - UNIVERSAL DECIMAL CLASSIFICATION NUMBER
Edition identifier twelfth edition
Universal Decimal Classification number 611
082 ## - DEWEY DECIMAL CLASSIFICATION NUMBER
Classification number 611 MAR
100 ## - Rafti
Rafti 10.2
101 ## - Shkurtesa
Shkurtesa ANAT
245 ## - TITLE STATEMENT
Title ESSENTIALS OF HUMAN ANATOMY & PHYSIOLOGY
Statement of responsibility, etc MARIEB E
942 ## - ADDED ENTRY ELEMENTS (KOHA)
Source of classification or shelving scheme
Item type Books
Holdings
Withdrawn status Lost status Source of classification or shelving scheme Damaged status Not for loan Collection code Permanent location Current location Date acquired Total Checkouts Full call number Barcode Date last seen Price effective from Koha item type
          Koleksioni i përgjithshem UBT - Lipjan UBT - Lipjan 11/07/2022   611 MAR 002-800028700260456 11/07/2022 11/07/2022 Books
          Koleksioni i përgjithshem UBT - Lipjan UBT - Lipjan 11/07/2022   611 MAR 002-800028700260457 11/07/2022 11/07/2022 Books
UBT Library © 2015-2024. All rights reserved University Education for Business and Technology